Interpersonálne manažérske roly v inovatívnom podniku diplomová práca

Saved in:
Bibliographic Details
Main Author: Mikuš, Mário
Corporate Author: Fakulta podnikového manažmentu EU. Katedra manažmentu
Other Authors: Tarišková, Natália, 1973-
Format: Book
Language:Slovak
Published: Bratislava 2020
Tags: Add Tag
No Tags, Be the first to tag this record!

MARC

LEADER 00000nbm a2200000 4500
001 0265849
005 20201130134312.4
041 0 |a slo 
044 |a SK 
245 1 0 |a Interpersonálne manažérske roly v inovatívnom podniku  |b diplomová práca  |c Mário Mikuš ; školiteľ: Natália Tarišková 
264 1 |a Bratislava  |c 2020 
300 |a 81 s. 
100 1 |a Mikuš, Mário 
700 1 |a Tarišková, Natália, 1973- 
710 2 |a Fakulta podnikového manažmentu EU. Katedra manažmentu